Online
Catalog

On special mission to Abyssinia, / (Record no. 19402)

MARC details
000 -CABECERA
campo de control de longitud fija 00557cam a22001571 4500
001 - NÚMERO DE CONTROL
campo de control 000019889
005 - FECHA Y HORA DE LA ÚLTIMA TRANSACCIÓN
campo de control 20200929170158.0
008 - DATOS DE LONGITUD FIJA--INFORMACIÓN GENERAL
campo de control de longitud fija 771201s1933 nyucfh 000 0 eng
040 ## - FUENTE DE LA CATALOGACIÓN
Centro catalogador/agencia de origen DO-SdBNP
Lengua de catalogación spa
Centro/agencia transcriptor BNPHU
082 ## - NÚMERO DE LA CLASIFICACIÓN DECIMAL DEWEY
Número de clasificación xxx
Número de documento/Ítem J17o
100 1# - ENTRADA PRINCIPAL--NOMBRE DE PERSONA
Nombre de persona Jacoby, Catherine Murray.
9 (RLIN) 42428
245 10 - MENCIÓN DE TÍTULO
Título On special mission to Abyssinia, /
Mención de responsabilidad, etc. Catherine Murray Jacoby.
260 ## - PUBLICACIÓN, DISTRIBUCIÓN, ETC.
Lugar de publicación, distribución, etc. New York :
Nombre del editor, distribuidor, etc. Pub. priv., Printed by Argus Graphic Arts Service,
Fecha de publicación, distribución, etc. [1933].
300 ## - DESCRIPCIÓN FÍSICA
Extensión iii, 141 p. incl. front., plates, ports., facsims. ;
Dimensiones 24 cm.
910 ## - DATOS DE OPCIÓN DEL USUARIO (OCLC)
Datos de opción del usuario Catalogación derivada / LC
Holdings
Estado de retiro Estado de pérdida Restricciones de uso No para préstamo Código de colección Localización permanente Ubicación/localización actual Ubicación en estantería Fecha de adquisición Número de inventario Total de préstamos Signatura topográfica completa Código de barras Fecha visto por última vez Precio válido a partir de Tipo de ítem Koha
      Excluido de préstamo Monografías: Libros y Folletos General General En catalogación 08.07.2010 LF1   xxx J17o 19889-10 25.06.2020 25.06.2020 No se presta

Powered by Koha